Escritos espirituales

Gespeichert in:
Bibliographische Detailangaben
1. Verfasser: Quiles, Ismael (VerfasserIn)
Format: Buch
Sprache:Spanisch
Veröffentlicht: Buenos Aires Depalma 1987
Schriftenreihe:Obras de Ismael Quiles, 14
Schlagworte:
Tags: Tag hinzufügen
Keine Tags, Fügen Sie den ersten Tag hinzu!

MARC

LEADER 00000nam a2200000 a 4500
001 UCY7761
003 CL-VaPUC
008 950622e19870000AG |||||||||||||||||spa|d
082 0 4 |a 201  |b QUI  |2 21 
100 0 |a Quiles, Ismael  |e author  |9 338518 
245 1 0 |a Escritos espirituales 
300 |a 270 p 
942 |c BK 
945 |d 19950622 00:00:00  |a aalvarez 
260 |a Buenos Aires  |b Depalma  |c 1987 
650 0 |a Espiritualidad   |9 267331 
650 0 |a Vida cristiana  |9 258753 
583 |a last modification  |c 20111003 01:56:48  |k Rodrigo Vera 
490 0 |a Obras de Ismael Quiles, 14 
999 |c 235080  |d 235078 
952 |0 0  |1 0  |4 0  |6 201_000000000000000_QUI_1987  |7 0  |8 A  |9 242230  |a BIBTEO  |b BIBTEO  |d 2019-11-18  |i 3094103  |o 201 QUI 1987  |p 3094103  |r 2025-01-17  |w 2019-11-18  |y BK  |k ICR